Countries with Chess Medals - Statistics

General Stats
  • This quiz has been taken 24 times
  • The average score is 14 of 23
Answer Stats
Rank Country % Correct
3 Russia
100%
7 China
96%
2 United States
96%
20 India
91%
10 Germany
78%
20 West Germany
78%
9 Poland
74%
6 Ukraine
74%
4 Hungary
70%
1 Soviet Union
70%
15 Netherlands
65%
5 Armenia
57%
15 Sweden
57%
11 Uzbekistan
57%
22 Bulgaria
52%
18 Denmark
52%
15 Israel
48%
8 Yugoslavia
48%
14 Czechoslovakia
43%
12 England
43%
22 Estonia
39%
13 Argentina
35%
18 Bosnia and Herzegovina
26%
No matching quizzes found
Score Distribution
Percent of People with Each Score
Percentile by Number Answered
Your Score History
You have not taken this quiz